La filosofía moderna del Renacimiento a Kant
שמור ב:
| מחבר ראשי: | |
|---|---|
| פורמט: | ספר |
| שפה: | ספרדית |
| יצא לאור: |
Buenos Aires
Espasa-Calpe
1942
|
| מהדורה: | 2a. ed |
| סדרה: | Biblioteca Filosófica
|
| נושאים: | |
| תגים: |
הוספת תג
אין תגיות, היה/י הראשונ/ה לתייג את הרשומה!
|
MARC
| LEADER | 00000nam a2200000 a 4500 | ||
|---|---|---|---|
| 001 | UCZ9083 | ||
| 003 | CL-VaPUC | ||
| 005 | 20241127084742.0 | ||
| 008 | 960301e19420000AG |||||||||||||||||spa|d | ||
| 999 | |c 244670 |d 244668 | ||
| 040 | |c Pontificia Universidad Católica de Valparaíso | ||
| 082 | 0 | 4 | |a 190 |b MES |2 21 |
| 100 | |a Messer, Augusto |e autor |9 542433 | ||
| 245 | 1 | 3 | |a La filosofía moderna del Renacimiento a Kant |
| 250 | |a 2a. ed | ||
| 260 | |a Buenos Aires |b Espasa-Calpe |c 1942 | ||
| 300 | |a 224 p | ||
| 490 | 0 | |a Biblioteca Filosófica | |
| 583 | |a last modification |c 19960301 00:00:00 |k Rodrigo Vera | ||
| 600 | 0 | 7 | |a BACON, FRANCIS |2 CL-VaPUC |9 334502 |
| 600 | 0 | |a Hobbes, Thomas |d 1588-1679 |9 860396 | |
| 600 | 0 | |a Kant, Immanuel, |d 1724-1804 |9 858687 | |
| 650 | 0 | |a Filosofía moderna |9 258121 | |
| 650 | 0 | |a Renacimiento |9 255107 | |
| 651 | 0 | |a Inglaterra |9 255158 | |
| 651 | 0 | |a Francia |9 255157 | |
| 651 | 0 | |a Alemania |9 255688 | |
| 942 | |c BK |2 ddc | ||
| 945 | |d 19960301 00:00:00 |a rleighto | ||
| 952 | |0 0 |1 0 |4 0 |6 190_000000000000000_MES_1942 |7 0 |8 P |9 258827 |a BIBEDU |b BIBEDU |c BIBEDU_PB |d 2019-11-19 |i 3172732 |o 190 MES 1942 |p 3172732 |r 2024-01-25 |w 2019-11-19 |y BK |k FIL | ||